Social research (Record no. 139)

MARC details
000 -LEADER
fixed length control field 00542nam a22002057a 4500
003 - CONTROL NUMBER IDENTIFIER
control field OSt
005 - DATE AND TIME OF LATEST TRANSACTION
control field 20150420145057.0
008 - FIXED-LENGTH DATA ELEMENTS--GENERAL INFORMATION
fixed length control field 140707b xxu||||| |||| 00| 0 eng d
020 ## - INTERNATIONAL STANDARD BOOK NUMBER
International Standard Book Number 9780230295322
040 ## - CATALOGING SOURCE
Transcribing agency DDC
082 ## - DEWEY DECIMAL CLASSIFICATION NUMBER
Edition number 22nd ed.
Classification number 001.42 SAR 2013
100 ## - MAIN ENTRY--PERSONAL NAME
Personal name Sarantakos, Sotirios
9 (RLIN) 3943
245 ## - TITLE STATEMENT
Title Social research
250 ## - EDITION STATEMENT
Edition statement 4th ed.
260 ## - PUBLICATION, DISTRIBUTION, ETC. (IMPRINT)
Place of publication, distribution, etc. London;
Name of publisher, distributor, etc. Palgrave,
Date of publication, distribution, etc. 2013
300 ## - PHYSICAL DESCRIPTION
Extent xxiii,509p;
Other physical details ill:
Dimensions 25cm
504 ## - BIBLIOGRAPHY, ETC. NOTE
Bibliography, etc Glossary, bibliography & index included
650 ## - SUBJECT ADDED ENTRY--TOPICAL TERM
Topical term or geographic name as entry element Research methods
9 (RLIN) 367
942 ## - ADDED ENTRY ELEMENTS (KOHA)
Source of classification or shelving scheme Dewey Decimal Classification
Koha item type Short Loan
Holdings
Withdrawn status Lost status Source of classification or shelving scheme Damaged status Not for loan Home library Current library Date acquired Source of acquisition Inventory number Total Checkouts Full call number Barcode Date last seen Koha item type
    Other/Generic Classification Scheme     MUST Main Library MUST Main Library 20/04/2015   15/39083   001.42 SAR 2013 2015-1050 20/04/2015 Short Loan